[Event "CRO-ch U13 Girls"]
[Site "Trogir"]
[Date "2022.06.24"]
[Round "4"]
[White "Franc, Marta"]
[Black "Hajdinic, Ema"]
[Result "0-1"]
[WhiteElo "1168"]
[BlackElo "1535"]
[PlyCount "122"]
[EventDate "2022.06.22"]
[EventType "swiss"]
[EventRounds "9"]
[EventCountry "CRO"]
[SourceTitle "CBM 209 Extra"]
[Source "ChessBase"]
[SourceDate "2022.09.30"]
[SourceVersion "1"]
[SourceVersionDate "2022.09.30"]
[SourceQuality "1"]

1. d4 d5 2. c4 e6 3. Nc3 Nf6 4. Bg5 Be7 5. Nf3 0-0 6. e3 Nbd7 7. Rc1 b6 8. cxd5 exd5 9. Bd3 Bb7 10. 0-0 c5 11. Re1 Re8 12. Bb5 Ne4 13. Bxe7 Rxe7 14. Bxd7 Qxd7 15. Qc2 cxd4 16. exd4 Rae8 17. Re3 Nxc3 18. Qxc3 Rxe3 19. fxe3 Qe6 20. Re1 Rc8 21. Qd3 f6 22. a3 Rc4 23. b3 Rc7 24. Qd2 Qe4 25. Rc1 Rxc1+ 26. Qxc1 Qd3 27. b4 Ba6 28. Nd2 Qxe3+ 29. Kh1 Qxd4 30. Nf3 Qc4 31. Qxc4 dxc4 32. Nd4 c3 33. Nb3 c2 34. Nc1 Bc4 35. Kg1 Kf7 36. Kf2 Bd5 37. g3 Be4 38. Ke3 Bg6 39. Kd2 Ke6 40. Kc3 Ke5 41. Kd2 h5 42. Ke3 Bh7 43. Kd2 g5 44. Ke3 f5 45. h3 f4+ 46. gxf4+ gxf4+ 47. Kf3 Bf5 48. h4 Bg4+ 49. Kf2 Kd4 50. Ke1 Kc3 51. Kf2 Kb2 52. Nd3+ Kb1 53. Kg1 c1Q+ 54. Nxc1 Kxc1 55. Kf2 f3 56. a4 Kd2 57. a5 bxa5 58. bxa5 a6 59. Kf1 Ke3 60. Ke1 f2+ 61. Kf1 Bh3# 0-1

[Event "CRO-ch U13 Girls"]
[Site "Trogir"]
[Date "2022.06.22"]
[Round "2"]
[White "Franc, Marta"]
[Black "Vukovac, Elizabeta"]
[Result "0-1"]
[WhiteElo "1168"]
[BlackElo "1600"]
[PlyCount "96"]
[EventDate "2022.06.22"]
[EventType "swiss"]
[EventRounds "9"]
[EventCountry "CRO"]
[SourceTitle "CBM 209 Extra"]
[Source "ChessBase"]
[SourceDate "2022.09.30"]
[SourceVersion "1"]
[SourceVersionDate "2022.09.30"]
[SourceQuality "1"]

1. d4 d5 2. c4 dxc4 3. Nc3 Nc6 4. e3 Na5 5. Qa4+ c6 6. b4 b5 7. Qxa5 Qxa5 8. bxa5 e6 9. Nf3 Bb4 10. Bd2 Bxa5 11. Be2 f6 12. 0-0 Ne7 13. Ne4 Bxd2 14. Nfxd2 e5 15. Nd6+ Kf8 16. Nxc8 Rxc8 17. dxe5 fxe5 18. f4 Ke8 19. fxe5 Rd8 20. Ne4 Nd5 21. Rad1 Rf8 22. Rxf8+ Kxf8 23. Nc5 Ke8 24. Bf3 c3 25. Bxd5 cxd5 26. Ne6 Rc8 27. Nxg7+ Ke7 28. Nf5+ Ke6 29. Ng7+ Kxe5 30. Kf2 c2 31. Rc1 d4 32. exd4+ Kxd4 33. Ke2 Kc3 34. Ne6 Re8 35. Kf2 Rxe6 36. g3 Kb2 37. Rg1 c1Q 38. Rxc1 Kxc1 39. g4 Rc6 40. a3 Rc4 41. Kg3 Rc3+ 42. Kf4 Rxa3 43. h4 Rc3 44. Kg5 Rc5+ 45. Kf4 b4 46. g5 b3 47. h5 b2 48. g6 b1Q 0-1

[Event "CRO-ch U11"]
[Site "Trogir"]
[Date "2021.06.22"]
[Round "6"]
[White "Zagorac, Lara"]
[Black "Franc, Marta"]
[Result "1-0"]
[WhiteElo "1277"]
[BlackElo "1608"]
[PlyCount "135"]
[EventDate "2021.06.19"]
[EventType "swiss"]
[EventRounds "9"]
[EventCountry "CRO"]
[SourceTitle "EXT 2022"]
[Source "ChessBase"]
[SourceDate "2021.10.06"]
[SourceVersion "1"]
[SourceVersionDate "2021.10.06"]
[SourceQuality "1"]

1. c4 e5 2. Nc3 Nf6 3. g3 Bb4 4. Bg2 0-0 5. e3 d6 6. Nge2 Bg4 7. h3 Bh5 8. Bxb7 Nbd7 9. Bg2 Nc5 10. 0-0 Rb8 11. a3 Bxc3 12. bxc3 Nb3 13. Rb1 Nc5 14. Rxb8 Qxb8 15. d4 Nce4 16. f3 Ng5 17. d5 h6 18. g4 Bg6 19. h4 Ngh7 20. h5 Bb1 21. Ng3 Qb6 22. Qd2 Ng5 23. Kh2 e4 24. Qd4 Qxd4 25. exd4 Bd3 26. Rf2 exf3 27. Bxf3 Nxf3+ 28. Rxf3 Bxc4 29. Kh3 Bxd5 30. Rf2 Rb8 31. Nf5 Kf8 32. Rb2 Rxb2 33. Bxb2 Bf3 34. Ne3 g6 35. hxg6 fxg6 36. Kg3 Be2 37. Kf4 h5 38. g5 Ng4 39. Nxg4 Bxg4 40. Bc1 Be2 41. Be3 Bf1 42. Ke4 Ke7 43. d5 h4 44. Bxa7 h3 45. Bg1 Kd7 46. Kd4 c6 47. dxc6+ Kxc6 48. c4 Kd7 49. a4 Ke6 50. Bh2 Kf5 51. Bxd6 Kg4 52. c5 Ba6 53. Ke3 Kxg5 54. Kf3 Kh4 55. Bg3+ Kh5 56. c6 g5 57. a5 g4+ 58. Kf4 Bc8 59. c7 Kg6 60. Ke5 Kf7 61. Kd6 Ke8 62. Kc6 Ke7 63. Kb6 Kd7 64. a6 Bxa6 65. Kxa6 Kc8 66. Kb6 Kd7 67. Kb7 Ke6 68. c8Q+ 1-0

[Event "CRO-ch U11"]
[Site "Trogir"]
[Date "2021.06.21"]
[Round "4"]
[White "Katic, Sara"]
[Black "Franc, Marta"]
[Result "0-1"]
[WhiteElo "1641"]
[BlackElo "1608"]
[PlyCount "70"]
[EventDate "2021.06.19"]
[EventType "swiss"]
[EventRounds "9"]
[EventCountry "CRO"]
[SourceTitle "EXT 2022"]
[Source "ChessBase"]
[SourceDate "2021.10.06"]
[SourceVersion "1"]
[SourceVersionDate "2021.10.06"]
[SourceQuality "1"]

1. d4 d5 2. c4 Nf6 3. Nc3 Nc6 4. Nf3 Bg4 5. Bf4 e6 6. a3 Bd6 7. Bg5 0-0 8. e3 Qd7 9. Bd3 Rfe8 10. 0-0 e5 11. Bc2 e4 12. Re1 exf3 13. g3 Ne4 14. cxd5 Nxg5 15. dxc6 bxc6 16. Qd3 Rab8 17. h4 Nh3+ 18. Kh2 g6 19. Ne4 Be7 20. Qc4 Be6 21. Qd3 Rxb2 22. Ba4 Bd5 23. Nc5 Bxc5 24. Qc3 Reb8 25. Qxc5 Nxf2 26. Rh1 Nd3+ 27. Bc2 Nxc5 28. Rac1 Nd3 29. e4 Nxc1 30. Rxc1 Bb3 31. Kg1 Bxc2 32. Kf2 R8b3 33. Re1 Bxe4+ 34. Kf1 Qh3+ 35. Kg1 Qg2# 0-1